[Event "Milan Cappello Memorial"]
[Site "Milan"]
[Date "2015.06.04"]
[Round "6"]
[White "Cantoro, Daniele"]
[Black "Silari, Andrea"]
[Result "1-0"]
[WhiteElo "2107"]
[BlackElo "1694"]
[PlyCount "49"]
[EventDate "2015.05.12"]
[EventType "swiss"]
[EventRounds "8"]
[EventCountry "ITA"]
[SourceTitle "EXT 2017"]
[Source "ChessBase"]
[SourceDate "2016.10.25"]
[SourceVersion "1"]
[SourceVersionDate "2016.10.25"]
[SourceQuality "1"]

1. d4 f5 2. c4 Nf6 3. Nc3 e6 4. h3 Be7 5. g4 d5 6. Bf4 c6 7. e3 Ne4 8. Nf3 Qa5 9. Qc2 Bb4 10. Rc1 Qxa2 11. gxf5 exf5 12. cxd5 cxd5 13. Bxb8 Rxb8 14. Bb5+ Bd7 15. Bxd7+ Kxd7 16. 0-0 Bxc3 17. Ne5+ Ke6 18. f3 Qxb2 19. fxe4 Bxd4 20. exd5+ Kxd5 21. Qd3 Kxe5 22. Rc5+ Bxc5 23. Rxf5+ Ke6 24. Qd5+ Ke7 25. Rf7+ 1-0

[Event "Milan SSM op"]
[Site "Milan"]
[Date "2015.01.27"]
[Round "5"]
[White "Silari, Andrea"]
[Black "Marchesotti, Giovanni"]
[Result "1-0"]
[WhiteElo "1719"]
[BlackElo "1479"]
[PlyCount "57"]
[EventDate "2015.01.13"]
[EventType "swiss"]
[EventRounds "8"]
[EventCountry "ITA"]
[SourceTitle "EXT 2017"]
[Source "ChessBase"]
[SourceDate "2016.10.25"]
[SourceVersion "1"]
[SourceVersionDate "2016.10.25"]
[SourceQuality "1"]

1. e4 d6 2. d4 g6 3. Nc3 Bg7 4. Bc4 Nf6 5. Bb3 Nbd7 6. Nf3 0-0 7. 0-0 c6 8. a4 a5 9. e5 dxe5 10. dxe5 Nd5 11. Nxd5 cxd5 12. Bf4 e6 13. c3 b6 14. Qd2 Ba6 15. Rfe1 Rc8 16. Bh6 Nc5 17. Bc2 Bc4 18. Bxg7 Kxg7 19. Nd4 Ba6 20. Re3 h5 21. Rg3 Rh8 22. Re1 Qe7 23. f4 Ne4 24. Bxe4 dxe4 25. Rxe4 Bb7 26. f5 Qc5 27. f6+ Kh7 28. Rh4 Rhg8 29. Qg5 1-0

[Event "Milan SSM op 09"]
[Site "Milan"]
[Date "2014.09.19"]
[Round "2"]
[White "Zuliani, Francesco"]
[Black "Silari, Andrea"]
[Result "1/2-1/2"]
[WhiteElo "1845"]
[BlackElo "1717"]
[PlyCount "85"]
[EventDate "2014.09.16"]
[EventType "swiss"]
[EventRounds "8"]
[EventCountry "ITA"]
[SourceTitle "EXT 2016"]
[Source "ChessBase"]
[SourceDate "2015.10.08"]
[SourceVersion "1"]
[SourceVersionDate "2015.10.08"]
[SourceQuality "1"]

1. Nf3 Nf6 2. d4 d5 3. c4 c6 4. Nc3 e6 5. Bg5 Be7 6. e3 0-0 7. Qc2 a6 8. a4 Qa5 9. Bxf6 Bxf6 10. Bd3 g6 11. 0-0 dxc4 12. Bxc4 Nd7 13. Ne4 Be7 14. Rfd1 Nb6 15. Be2 Nd5 16. Ne5 Qc7 17. Nc5 b6 18. Ncd3 Bb7 19. g3 Rac8 20. Bf1 Nb4 21. Qd2 Nxd3 22. Nxd3 c5 23. Bg2 Bxg2 24. Kxg2 cxd4 25. exd4 Rfd8 26. Qf4 Qxf4 27. Nxf4 g5 28. Nh3 Rc4 29. d5 exd5 30. Rd3 h6 31. Rad1 Rxa4 32. Ng1 Rb4 33. b3 d4 34. Ne2 Bf6 35. Rc1 Re8 36. Rc2 Kg7 37. h3 a5 38. Kf1 a4 39. bxa4 Rxa4 40. Rb2 Rb8 41. Rb5 Rc4 42. g4 Rc5 43. Rb4 1/2-1/2

[Event "Milan SSM op"]
[Site "Milan"]
[Date "2014.02.06"]
[Round "8"]
[White "Colica, Daniele"]
[Black "Silari, Andrea"]
[Result "1-0"]
[WhiteElo "1698"]
[BlackElo "1749"]
[PlyCount "81"]
[EventDate "2014.01.14"]
[EventType "swiss"]
[EventRounds "8"]
[EventCountry "ITA"]
[SourceTitle "EXT 2015"]
[Source "ChessBase"]
[SourceDate "2014.11.20"]
[SourceVersion "1"]
[SourceVersionDate "2014.11.20"]
[SourceQuality "1"]

1. Nf3 Nf6 2. b3 d6 3. d4 g6 4. Bb2 Bg7 5. e3 0-0 6. Be2 a6 7. Nbd2 b5 8. 0-0 Bb7 9. c4 b4 10. Qc2 c5 11. Rad1 Qc7 12. Rfe1 Nbd7 13. d5 e5 14. dxe6 fxe6 15. Ng5 Rfe8 16. Bd3 Nf8 17. Nde4 Nxe4 18. Bxe4 Bxb2 19. Qxb2 h6 20. Bxb7 Qxb7 21. Nh3 d5 22. Qf6 dxc4 23. bxc4 Qf7 24. Qxf7+ Kxf7 25. Nf4 Rad8 26. Kf1 g5 27. Nh5 a5 28. Ke2 Ng6 29. Ng3 Ne5 30. Ne4 Nxc4 31. Nxc5 Rxd1 32. Rxd1 Rc8 33. Ne4 Ke7 34. Nd2 Ne5 35. Ne4 Rc2+ 36. Rd2 Rxd2+ 37. Kxd2 Nc6 38. Kc2 e5 39. Kb3 Ke6 40. Kc4 a4 41. Nc5+ 1-0

[Event "Milan SSM op"]
[Site "Milan"]
[Date "2014.01.30"]
[Round "6"]
[White "Taccani Stella, Alberto"]
[Black "Silari, Andrea"]
[Result "0-1"]
[WhiteElo "1380"]
[BlackElo "1749"]
[PlyCount "48"]
[EventDate "2014.01.14"]
[EventType "swiss"]
[EventRounds "8"]
[EventCountry "ITA"]
[SourceTitle "EXT 2015"]
[Source "ChessBase"]
[SourceDate "2014.11.20"]
[SourceVersion "1"]
[SourceVersionDate "2014.11.20"]
[SourceQuality "1"]

1. d4 Nf6 2. Nf3 d5 3. e3 Bf5 4. Nbd2 e6 5. c3 Bd6 6. Be2 0-0 7. 0-0 Nbd7 8. Nh4 Re8 9. Nxf5 exf5 10. Re1 Ne4 11. Nxe4 fxe4 12. g3 Re6 13. c4 c6 14. c5 Bc7 15. b4 Rh6 16. Kg2 f5 17. Rh1 g5 18. g4 f4 19. f3 Nf6 20. h3 Qe7 21. Qe1 Re8 22. Bd2 fxe3 23. Bxe3 exf3+ 24. Bxf3 Qxe3 0-1

[Event "Milan Crespi op-B 32nd"]
[Site "Milan"]
[Date "2011.12.11"]
[Round "6"]
[White "Guzzetti, Luigi Enrico"]
[Black "Silari, Andrea"]
[Result "1-0"]
[WhiteElo "1928"]
[BlackElo "1784"]
[PlyCount "107"]
[EventDate "2011.12.07"]
[EventType "swiss"]
[EventRounds "7"]
[EventCountry "ITA"]
[SourceTitle "EXT 2022"]
[Source "ChessBase"]
[SourceDate "2021.10.06"]
[SourceVersion "1"]
[SourceVersionDate "2021.10.06"]
[SourceQuality "1"]

1. e4 c5 2. Nf3 Nc6 3. d4 cxd4 4. Nxd4 Nf6 5. Nc3 d6 6. Be2 e6 7. Be3 a6 8. 0-0 Be7 9. f4 0-0 10. Qd2 Nxd4 11. Bxd4 e5 12. Be3 b5 13. Bf3 Bb7 14. Rad1 b4 15. Nd5 Bxd5 16. exd5 e4 17. Be2 a5 18. c4 Nd7 19. g4 f5 20. gxf5 Rxf5 21. Bg4 Rf6 22. Kh1 Qc7 23. Be6+ Kh8 24. Qc2 Nf8 25. Qxe4 Nxe6 26. dxe6 Raf8 27. f5 Rc8 28. b3 h6 29. Rg1 Rff8 30. Bd4 Bf6 31. Bxf6 Rxf6 32. Qd5 Qc6 33. Qxc6 Rxc6 34. Rd5 a4 35. Re1 Rc8 36. Rxd6 axb3 37. axb3 Re8 38. Rd5 Kg8 39. c5 Rff8 40. e7 Rf6 41. Ree5 Kf7 42. Rd7 Rc6 43. Rd6 Rc7 44. Rb6 Rexe7 45. Rxe7+ Kxe7 46. Rxb4 Rxc5 47. Rf4 Rb5 48. b4 Kf6 49. Kg2 Rxf5 50. Kf3 g5 51. Rxf5+ Kxf5 52. b5 Ke5 53. Kg4 Kd6 54. Kh5 1-0

[Event "Milan Crespi op-B 32nd"]
[Site "Milan"]
[Date "2011.12.11"]
[Round "7"]
[White "Silari, Andrea"]
[Black "Patrucco, Carlo"]
[Result "0-1"]
[WhiteElo "1784"]
[BlackElo "1884"]
[PlyCount "68"]
[EventDate "2011.12.07"]
[EventType "swiss"]
[EventRounds "7"]
[EventCountry "ITA"]
[SourceTitle "EXT 2022"]
[Source "ChessBase"]
[SourceDate "2021.10.06"]
[SourceVersion "1"]
[SourceVersionDate "2021.10.06"]
[SourceQuality "1"]

1. e4 c5 2. Nf3 Nc6 3. Bb5 e6 4. c4 Nge7 5. 0-0 a6 6. Ba4 g6 7. Nc3 Bg7 8. d3 0-0 9. Be3 d6 10. Bxc6 Nxc6 11. Qd2 Nd4 12. Ne1 Bd7 13. Bh6 b5 14. Bxg7 Kxg7 15. f4 bxc4 16. dxc4 Qb6 17. b3 a5 18. Nf3 a4 19. Nxd4 cxd4 20. Nxa4 Bxa4 21. bxa4 Rxa4 22. f5 exf5 23. exf5 f6 24. fxg6 hxg6 25. Rab1 Qa7 26. Rb2 Rxc4 27. Rfb1 Rf7 28. Kf1 Rfc7 29. Rb4 Qa6 30. Rxc4 Qxc4+ 31. Kf2 Kf7 32. Rb4 Qc2 33. Rxd4 Qf5+ 34. Ke1 Qb1+ 0-1

[Event "Milan Crespi op-B 30th"]
[Site "Milan"]
[Date "2009.12.08"]
[Round "7"]
[White "Silari, Andrea"]
[Black "Pierandrei, Cristiano"]
[Result "0-1"]
[WhiteElo "1797"]
[BlackElo "1862"]
[PlyCount "96"]
[EventDate "2009.12.04"]
[EventType "swiss"]
[EventRounds "7"]
[EventCountry "ITA"]
[SourceTitle "EXT 2012"]
[Source "ChessBase"]
[SourceDate "2011.11.24"]
[SourceVersion "1"]
[SourceVersionDate "2011.11.24"]
[SourceQuality "1"]

1. e4 c5 2. Nf3 e6 3. d3 d5 4. Nbd2 Nf6 5. g3 Nc6 6. Bg2 Be7 7. 0-0 0-0 8. Re1 Re8 9. e5 Nd7 10. Qe2 Qc7 11. Nf1 b5 12. Bf4 Rb8 13. a3 a5 14. h4 Qb6 15. c3 d4 16. Ng5 dxc3 17. bxc3 Bxg5 18. hxg5 b4 19. Rab1 Ne7 20. Ne3 Ba6 21. Be4 Nf8 22. Kg2 Qc7 23. axb4 axb4 24. Rh1 Neg6 25. Ng4 Nd7 26. Bxg6 fxg6 27. cxb4 Qc6+ 28. f3 cxb4 29. Rbc1 Qb5 30. Rc7 Rb7 31. Rxb7 Qxb7 32. Be3 Qd5 33. Rb1 b3 34. Rb2 Rb8 35. Nf2 Rc8 36. Qd1 Qxe5 37. Qd2 Qd5 38. Qb4 Rb8 39. Qe7 Ne5 40. Ne4 Nxd3 41. Nf6+ gxf6 42. gxf6 Ne1+ 43. Kf2 Qxf3+ 44. Kxe1 Qxe3+ 45. Kd1 Qd3+ 46. Ke1 Qf1+ 47. Kd2 Qe2+ 48. Kc3 Qd3# 0-1

[Event "Milan Crespi op-B 30th"]
[Site "Milan"]
[Date "2009.12.05"]
[Round "2"]
[White "Silari, Andrea"]
[Black "Lanni, Vincenzo"]
[Result "0-1"]
[WhiteElo "1797"]
[BlackElo "1803"]
[PlyCount "76"]
[EventDate "2009.12.04"]
[EventType "swiss"]
[EventRounds "7"]
[EventCountry "ITA"]
[SourceTitle "EXT 2012"]
[Source "ChessBase"]
[SourceDate "2011.11.24"]
[SourceVersion "1"]
[SourceVersionDate "2011.11.24"]
[SourceQuality "1"]

1. d4 g6 2. e4 Bg7 3. Nc3 d6 4. f4 Nf6 5. Nf3 0-0 6. Bd3 Bg4 7. h3 Bxf3 8. Qxf3 c6 9. Be3 e6 10. g4 Nbd7 11. 0-0-0 Qa5 12. a3 b5 13. Bd2 Qb6 14. Ne2 c5 15. c3 a5 16. g5 Nh5 17. dxc5 Nxc5 18. Bc2 Rac8 19. f5 Be5 20. f6 Qb7 21. Bf4 Nxf4 22. Nxf4 b4 23. axb4 axb4 24. cxb4 Qxb4 25. Nd3 Nxd3+ 26. Qxd3 Qxb2+ 27. Kd2 Bf4+ 28. Ke1 Qxc2 29. Qf3 Qc3+ 30. Qxc3 Rxc3 31. h4 Rfc8 32. Kf2 Rc2+ 33. Kf3 Be5 34. h5 R8c3+ 35. Kg4 Rg2+ 36. Kh4 Re2 37. hxg6 hxg6 38. Rb1 Rxe4# 0-1

[Event "Milan Crespi op-B 29th"]
[Site "Milan"]
[Date "2008.12.04"]
[Round "1"]
[White "Silari, Andrea"]
[Black "Arboscelli, Gregorio"]
[Result "0-1"]
[WhiteElo "1810"]
[BlackElo "1898"]
[PlyCount "118"]
[EventDate "2008.12.05"]
[EventType "swiss"]
[EventRounds "7"]
[EventCountry "ITA"]
[SourceTitle "EXT 2010"]
[Source "ChessBase"]
[SourceDate "2010.11.25"]
[SourceVersion "1"]
[SourceVersionDate "2010.11.25"]
[SourceQuality "1"]

1. e4 e5 2. Nf3 Nc6 3. Bb5 a6 4. Ba4 Nf6 5. d4 exd4 6. 0-0 Be7 7. Re1 0-0 8. Nxd4 Nxd4 9. Qxd4 b5 10. e5 c5 11. Qd1 Ne8 12. Bb3 c4 13. Bxc4 bxc4 14. Qd5 Nc7 15. Qxc4 Bb7 16. Qg4 f5 17. exf6 Bxf6 18. c3 Re8 19. Rxe8+ Qxe8 20. Bd2 Qe4 21. Qxe4 Bxe4 22. Na3 Ne6 23. Nc4 Rb8 24. b3 Bc6 25. Re1 Bb5 26. Ne3 Bg5 27. c4 Bc6 28. Bc3 Bxe3 29. Rxe3 Kf7 30. g3 g6 31. f4 Re8 32. Kf2 Nc5 33. Rxe8 Kxe8 34. Ke3 Ne6 35. b4 Ke7 36. c5 d6 37. cxd6+ Kxd6 38. g4 Kd5 39. f5 gxf5 40. gxf5 Ng5 41. h4 Nf7 42. a3 Kc4 43. Bb2 Kb3 44. Bc1 Kc2 45. Bd2 Nd6 46. f6 Be8 47. Be1 Nc4+ 48. Kd4 Nxa3 49. Kc5 Kb3 50. Kd6 Nc2 51. Ke7 Bh5 52. Bg3 Nxb4 53. f7 Bxf7 54. Kxf7 a5 55. Be5 a4 56. Kg7 a3 57. Kxh7 Nd3 58. Kg8 Nxe5 59. h5 Ng4 0-1